Nové štatistické metódy odhadu návrhových prietokov a zrážok pre dimenzovanie hydrotechnických stavieb
Gespeichert in:
| Hauptverfasser: | , , |
|---|---|
| Format: | Buch |
| Sprache: | Slowakisch |
| Veröffentlicht: |
Bratislava :
Slovenská technická univerzita v Bratislave,
2006
|
| Ausgabe: | 1. vyd. |
| Schriftenreihe: | Hydroinformatika. ESF kurz č. 2
|
| Schlagworte: | |
| ISBN: | 8022725676 |
| Online-Zugang: |
|
| Tags: |
Tag hinzufügen
Keine Tags, Fügen Sie den ersten Tag hinzu!
|
MARC
| LEADER | 00000nlm a2200000 4500 | ||
|---|---|---|---|
| 003 | SK-BrCVT | ||
| 005 | 20220621162551.0 | ||
| 008 | 070502s2006 xo e ||||||slo d | ||
| 020 | |a 8022725676 | ||
| 035 | |a CVTIDW1402517 | ||
| 040 | |b slo |a CVTI SR |e AACR2 | ||
| 041 | 0 | |a slo | |
| 044 | |a xo | ||
| 080 | |a 556:004 |2 UDC-MRF | ||
| 080 | |a 311 |2 UDC-MRF | ||
| 080 | |a 627 |2 UDC-MRF | ||
| 100 | 1 | |a Szolgay, Ján |d 1953-, | |
| 245 | 1 | 0 | |a Nové štatistické metódy odhadu návrhových prietokov a zrážok pre dimenzovanie hydrotechnických stavieb |h [elektronický zdroj] / |c Ján Szolgay, Silvia Kohnová, Kamila Hlavčová |
| 250 | |a 1. vyd. | ||
| 260 | |a Bratislava : |b Slovenská technická univerzita v Bratislave, |c 2006 | ||
| 300 | |a 1 CD-ROM | ||
| 490 | 1 | |a Hydroinformatika. ESF kurz č. 2 |3 1410061 | |
| 500 | |a Európsky sociálny fond | ||
| 500 | |a Projekt spolufinancovaný EÚ | ||
| 653 | 1 | |a povodňový režim |a odtok |a vodohospodárske dielo | |
| 700 | 1 | |a Kohnová, Silvia |4 aut | |
| 700 | 1 | |a Hlavčová, Kamila |4 aut | |
| 760 | 1 | |t Hydroinformatika | |
| 910 | |b Z000304 | ||
| 919 | |a 80-227-2567-6 | ||
| 974 | |f Knihy | ||
| 992 | |a JDC | ||
| 992 | |a APP | ||
| 999 | |c 151194 |d 151194 | ||

